• 首页
  • 本馆介绍
  • 公告通知
  • 最新文献
  • 馆藏检索
  • 电子资源
  • 读者导购
  • 参考咨询
  • 我的图书馆
  • 登录
  • 详细信息显示
  • 放入我的书架
  • 预约/预借图书
  • 作者相关作品
  • 分类相关作品
  • 丛书相关作品
  • 出版社相关作品

书目信息

  • 表格格式
  • 工作单格式
  • 卡片格式
题名:
水资源与水环境系统工程
    
 
作者: 薛惠锋 编著
分册:  
出版信息: 北京   国防工业出版社  2008
页数: 186页
开本: 26cm
丛书名:
单 册:
中图分类: TV213 , X143
科图分类:
主题词: 水资源--教材 , 水环境--环境治理--教材 , 水资源 , 水环境 , 环境治理
电子资源:
ISBN: 978-7-118-06143-7
000 01003nam0 2200313 45
001 1050664078
005 20100420100902.18
010    @a978-7-118-06143-7@dCNY36.00
100    @a20100408d2008 em y0chiy50 ea
101 0  @achi
102    @aCN@b110000
105    @aa z 000yy
106    @ar
200 1  @a水资源与水环境系统工程@AShui Zi Yuan Yu Shui Huan Jing Xi Tong Gong Cheng@f薛惠锋[等]编著@FXue Hui Feng [ Deng ] Bian Zhu
210    @a北京@c国防工业出版社@d2008
215    @a186页@c图@d26cm
300    @a系统工程系列教材
304    @a编著还有:程晓冰、乔长录、陈志鹏
330    @a本书以水资源和水环境为研究对象,研究水资源的合理开发利用、潜力、承载力、保护、污染防治、水环境治理等方面问题。
606 0  @a水资源@j教材
606 0  @a水环境@x环境治理@j教材
606 0  @a水资源
606 0  @a水环境
606 0  @a环境治理
690    @aTV213@v4
690    @aX143@v4
701  0 @a薛惠锋@AXue Hui Feng@4编著
801  0 @aCN@bTANGWEI@c20100420
905    @b0589248-52@dTV213@e54@f5
    
    水资源与水环境系统工程/薛惠锋[等]编著.-北京:国防工业出版社,2008
    186页:图;26cm
    系统工程系列教材
    
    ISBN 978-7-118-06143-7:CNY36.00
    本书以水资源和水环境为研究对象,研究水资源的合理开发利用、潜力、承载力、保护、污染防治、水环境治理等方面问题。
●
相关链接 在E读中查询图书 在五车中查询图书 在当当中查询图书 在豆瓣中查询图书


正题名:水资源与水环境系统工程     索取号:TV213/54         预约/预借

序号 登录号 条形码 馆藏地/架位号 状态 备注
1 0589248   205892480   第二样本阅览室/ [索取号:TV213/54] 在馆    
2 0589249   205892499   第三借阅区/ [索取号:TV213/54] 在馆    
3 0589250   205892505   第三借阅区/ [索取号:TV213/54] 在馆    
4 0589251   205892514   第三借阅区/ [索取号:TV213/54] 在馆    
5 0589252   205892523   第三借阅区/ [索取号:TV213/54] 在馆    
唐山师范学院图书馆 欢迎您!
大连网信软件有限公司© 版权所有